000 00304nam a2200109Ia 4500
008 220120s9999||||xx |||||||||||||| ||und||
100 _aRao, Ganesh. D
245 0 _aControl systems
260 _aSanguine Technical publications
_bBangalore
_c2004
300 _a320p.
_b185
650 _aSIGNAL PROCESSING
_9719
999 _c137133
_d137133